Influence of wintering lesser snow goose herbivory on mid-Texas coastal marsh vegetation dynamics /

Bibliographic Details
Main Author: Miller, Deborah Louise, 1956-
Other Authors: Hallmark, Charles T. (degree committee member.), Slack, R. Douglas (degree committee member.), Weller, Milton W. (degree committee member.)
Format: Thesis Book
Language:English
Published: 1993.
Subjects:
Online Access:Link to OAKTrust copy

MARC

Tag First Indicator Second Indicator Subfields
LEADER 00000ctm a2200000Ka 4500
001 in00001267430
005 20200904152716.0
008 960307s1993 xx ab bm 000 0 eng d
035 |a (OCoLC)ocm34327177 
035 |9 AGX0322AM 
040 |a TXA  |b eng  |c TXA  |d OCLCQ  |d TXA 
035 |a (OCoLC)34327177 
049 |a TXAM 
099 |a 1993  |a Dissertation  |a M6475 
100 1 |a Miller, Deborah Louise,  |d 1956- 
245 1 0 |a Influence of wintering lesser snow goose herbivory on mid-Texas coastal marsh vegetation dynamics / 
264 1 |c 1993. 
300 |a xv, 206 leaves :  |b illustrations, maps ;  |c 28 cm 
336 |a text  |b txt  |2 rdacontent 
337 |a unmediated  |b n  |2 rdamedia 
338 |a volume  |b nc  |2 rdacarrier 
504 |a Includes bibliographical references. 
500 |a Vita. 
502 |b Ph. D.  |c Texas A & M University  |d 1993 
500 |a "Major subject: Range Science." 
520 3 |a Transformation of emergent coastal marsh to mudflats has been noted on the San Bernard National Wildlife Refuge, Texas in areas utilized by wintering lesser snow geese (LSG). Interaction of LSG herbivory and environmental dynamics was investigated at several spatial and temporal scales to determine the extent of mudflat development and the potential for vegetation reestablishment. Historical mudflat/vegetation dynamics from 1939 to 1991 were evaluated from aerial photography utilizing a geographic information system. Less than 4% of the areas was unvegetated in 1939 while 21% was unvegetated in 1991. Rate of mudflat development increased after 1965 following heavy LSG use. Some mudflats revegetated, while others became deeper, open water areas. Distichlis spicata/Spartina alterniflora dominated areas denuded by LSG contain remnant vegetation islands (2-4 m^2). Both heavy- and light-use areas of D. spicata islands had reduced foliar cover and height for the 2.5 years of the study. Islands expanded without further LSG use. Rate of expansion was initially delayed by summer drought and algal mat accumulation. Expansion rate accelerated with increased hydroperiod, reduced salinities and decreased algal mat. Regardless of herbivory level, increased salinity and reduced hydroperiod resulted in low cover values of D. spicata and high Salicornia virginica values. Conversely, reduced salinity and increased hydroperiod resulted in increased D. spicata with a concomitant decrease in S. virginica. The interaction of LSG herbivory, prescribed burning and environmental dynamics was investigated in Scirpus Olneyi communities. LSG utilization of S. Olneyi rhizomes and roots initially reduced cover. Burning did not significantly affect the response variables of S. Olneyi. Regrowth mechanism was reestablishment of uprooted crown material. Spring water levels below the marsh surface and high interstitial soil salinities resulted in a lack of uprooted S. Olneyi regeneration. Lowest regrowth occurred in areas used most intensely followed by spring drought, while highest regrowth was associated with low intensity use followed by spring freshwater inflows. Continued frequent and intense use of the marsh vegetation, coupled with low water and high salinity, can produce slow to revegetate mudflats. Areas more frequently influenced by tide have the potential for accelerated soil erosion. 
650 4 |a Major range science. 
655 7 |a Academic theses  |2 lcgft 
700 1 |a Smeins, Fred E.,  |e degree supervisor. 
700 1 |a Webb, James W.,  |e degree supervisor. 
700 1 |a Hallmark, Charles T.,  |e degree committee member. 
700 1 |a Slack, R. Douglas,  |e degree committee member. 
700 1 |a Weller, Milton W.,  |e degree committee member. 
710 2 |a Texas A & M University,  |e degree granting institution. 
856 4 1 |x http://hdl.handle.net/1969.1/DISSERTATIONS-1520442  |z Link to OAKTrust copy  |t 0 
856 4 1 |u http://proxy.library.tamu.edu/login?url=http://proquest.umi.com/pqdweb?did=744955801&sid=1&Fmt=2&clientId=2945&RQT=309&VName=PQD  |z Link to OAKTrust copy  |t 0 
994 |a C0  |b TXA 
999 f f |s 83969f3b-9b02-389b-a945-f421da01e761  |i 13cadb77-16d1-3682-9de4-426490f253c1  |t 0 
952 f f |p noncirc  |a Texas A&M University  |b J.J. Pickle Campus  |c High Density Repository  |s HDR  |d Remote Storage  |t 0  |e 1993 Dissertation M6475  |h Other scheme  |i unmediated -- volume  |m A14841052144 
952 f f |a Texas A&M University  |b College Station  |c Electronic Resources  |s www_evans  |d Available Online  |t 0  |e 1993 Dissertation M6475  |h Other scheme 
998 f f |a 1993 Dissertation M6475  |t 0  |l Remote Storage 
998 f f |a 1993 Dissertation M6475  |t 0  |l Available Online